| 000 | 00664nam a2200217 a 4500 | ||
|---|---|---|---|
| 999 |
_c1451 _d1451 |
||
| 001 | 1451 | ||
| 003 | BD-JhCC | ||
| 005 | 20171019131822.0 | ||
| 008 | 171019s1970 bg |||| ||a| 000 0 ben d | ||
| 035 | _a(BD-JhCC)1451 | ||
| 040 |
_aBD-JhCC _dBD-JhCC |
||
| 041 | _aben | ||
| 082 |
_a891.4435 _bDAS 1970 |
||
| 100 | _aদস্তিদার, পূর্ণেন্দু | ||
| 245 |
_aশেখভের গল্প / _cপূর্ণেন্দু দস্তিদার, |
||
| 260 |
_aঢাকা : _bবাংলা একাডেমী, _c1970 |
||
| 300 |
_a487 p.; _c24 cm. |
||
| 650 | _aBegali Short Story | ||
| 942 |
_2ddc _cBK |
||